Química I: introducción al estudio de la materia (Registro nro. 3224)
[ vista simple ]
| 000 -Cabecera | |
|---|---|
| Campo de control de longitud fija | 01108aam a2200421 4500 |
| 005 - Fecha y hora de la última transacción | |
| Campo de control | 20251128194420.0 |
| 008 - Elementos de longitud fija--Información general | |
| Campo de control de longitud fija | 150701b2011 xxu||||| |||| 00| 0 spa d |
| 020 ## - International Standard Book Number | |
| Número Internacional Estándar del Libro (ISBN) | 9789968317948 |
| 041 ## - Idioma | |
| Código de idioma | Español |
| 082 ## - Clasificación Decimal Dewey | |
| Número de clasificación | 540 P585q |
| 100 ## - Entrada principal--Autor personal | |
| Nombre personal | Picado, Ana Beatriz |
| 9 (RLIN) | 1803 |
| 100 ## - Entrada principal--Autor personal | |
| Nombre personal | Álvarez, Milton |
| 9 (RLIN) | 1804 |
| 245 ## - Título propiamente dicho | |
| Título | Química I: introducción al estudio de la materia |
| 260 ## - Pie de imprenta | |
| Lugar de publicación, distribución, etc. | Costa Rica |
| 260 ## - Pie de imprenta | |
| Nombre del editor, distribuidor, etc. | EUNED |
| 260 ## - Pie de imprenta | |
| Fecha de publicación, distribución, etc. | 2011 |
| 300 ## - Descripción física | |
| Extensión | 540 páginas |
| 490 ## - Serie | |
| Título de la Serie | Gestión de Calidad |
| 490 ## - Serie | |
| Título de la Serie | Mecánica Dental |
| 490 ## - Serie | |
| Título de la Serie | Electrónica |
| 650 ## - Materia general | |
| Temática (materia general) | QUÍMICA |
| 650 ## - Materia general | |
| Temática (materia general) | MATERIA |
| 650 ## - Materia general | |
| Temática (materia general) | ESTRUCTURA ATÓMICA |
| 650 ## - Materia general | |
| Temática (materia general) | TEORÍA CUÁNTICA |
| 650 ## - Materia general | |
| Temática (materia general) | ÁTOMOS MULTIELECTRÓNICOS |
| 650 ## - Materia general | |
| Temática (materia general) | PROPIEDADES DE LOS ELEMENTOS |
| 650 ## - Materia general | |
| Temática (materia general) | FORMACIÓN DE SUSTANCIAS |
| 650 ## - Materia general | |
| Temática (materia general) | ORBITALES HÍBRIDOS |
| 650 ## - Materia general | |
| Temática (materia general) | TERMODINÁMICA |
| 650 ## - Materia general | |
| Temática (materia general) | CALORIMETRÍA |
| 650 ## - Materia general | |
| Temática (materia general) | LEY DE HESS |
| 650 ## - Materia general | |
| Temática (materia general) | NOMENCLATURA DE LOS COMPUESTOS |
| 650 ## - Materia general | |
| Temática (materia general) | ESTEQUIOMETRIA DE LAS REACCIONES |
| 942 ## - Punto de acceso adicional KOHA | |
| Tipo de ítem KOHA | Libro |
| Fuente del sistema de clasificación o colocación | Dewey Decimal Classification |
| Signatura completa | Código de barras | Programa Académico | Tipo de ítem |
|---|---|---|---|
| 540 P585q | 18310 | Libro | |
| 540 P585q | 20164 | Libro | |
| 540 P585q | 15131 | Libro |